Architecture and cubism / (Record no. 353552)

000 -LEADER
fixed length control field 01498cam a2200337 a 4500
001 - CONTROL NUMBER
control field 1165062
003 - CONTROL NUMBER IDENTIFIER
control field OSt
005 - DATE AND TIME OF LATEST TRANSACTION
control field 20180116192411.0
008 - FIXED-LENGTH DATA ELEMENTS--GENERAL INFORMATION
fixed length control field 961114s1997 quca b 001 0 eng
010 ## - LIBRARY OF CONGRESS CONTROL NUMBER
LC control number 96049785
020 ## - INTERNATIONAL STANDARD BOOK NUMBER
International Standard Book Number 0262024225 (hc : alk. paper)
040 ## - CATALOGING SOURCE
Original cataloging agency DLC
Transcribing agency DLC
Modifying agency DLC
043 ## - GEOGRAPHIC AREA CODE
Geographic area code e------
050 00 - LIBRARY OF CONGRESS CALL NUMBER
Classification number NA958.5.C83
Item number A73 1997
082 00 - DEWEY DECIMAL CLASSIFICATION NUMBER
Classification number 720/.94/09041
Edition number 21
245 00 - TITLE STATEMENT
Title Architecture and cubism /
Statement of responsibility, etc. edited and with an introduction by Eve Blau and Nancy J. Troy ; essays by David Cottington ... [et al.].
260 ## - PUBLICATION, DISTRIBUTION, ETC.
Place of publication, distribution, etc. Montréal :
Name of publisher, distributor, etc. Centre canadien d'architecture/Canadian Centre for Architecture ;
Place of publication, distribution, etc. Cambridge, Mass. :
Name of publisher, distributor, etc. MIT Press,
Date of publication, distribution, etc. 2002
300 ## - PHYSICAL DESCRIPTION
Extent xi, 264 p. :
Other physical details ill. ;
Dimensions 24 cm.
500 ## - GENERAL NOTE
General note "Many of the essays in this book were originally presented at a colloquium organized by the Canadian Centre for Architecture"--Pref.
504 ## - BIBLIOGRAPHY, ETC. NOTE
Bibliography, etc. note Includes bibliographical references and index.
650 10 - SUBJECT ADDED ENTRY--TOPICAL TERM
Topical term or geographic name entry element Cubism (Architecture)
Geographic subdivision Europe.
9 (RLIN) 5955
650 10 - SUBJECT ADDED ENTRY--TOPICAL TERM
Topical term or geographic name entry element Cubism
Geographic subdivision Europe
General subdivision Influence.
9 (RLIN) 5956
700 1# - ADDED ENTRY--PERSONAL NAME
Personal name Blau, Eve.
9 (RLIN) 5957
700 1# - ADDED ENTRY--PERSONAL NAME
Personal name Troy, Nancy J.
9 (RLIN) 5958
700 1# - ADDED ENTRY--PERSONAL NAME
Personal name Cottington, David.
9 (RLIN) 5959
710 2# - ADDED ENTRY--CORPORATE NAME
Corporate name or jurisdiction name as entry element Centre canadien d'architecture.
9 (RLIN) 5960
906 ## - LOCAL DATA ELEMENT F, LDF (RLIN)
a 7
b cbc
c orignew
d 1
e ocip
f 19
g y-gencatlg
942 ## - ADDED ENTRY ELEMENTS (KOHA)
Source of classification or shelving scheme
Koha item type Book
Holdings
Withdrawn status Lost status Source of classification or shelving scheme Damaged status Not for loan Permanent Location Current Location Date acquired Total Checkouts Full call number Barcode Date last seen Copy number Cost, replacement price Price effective from Koha item type
          School of Art Design and Architecture (SADA) School of Art Design and Architecture (SADA) 08/27/2012   720.9409041 ARC 2002 SADA0001849 01/05/2017 01 2158.00 01/05/2017 Book
© 2023 Central Library, National University of Sciences and Technology. All Rights Reserved.